[Event "SR 3. liga A2 2005/2006"]
[Site "?"]
[Date "2005.??.??"]
[Round "?"]
[White "Pagerka, Martin"]
[Black "Kubica, Adrian"]
[Result "1-0"]
[WhiteElo "1855"]
[BlackElo "1945"]
[PlyCount "49"]
[EventDate "2005.??.??"]

1. e4 e5 2. Nf3 Nf6 3. d4 exd4 4. e5 Nd5 5. Bc4 Nb6 6. Bd3 Nc6 7. O-O g6 8. Re1
Bg7 9. Bg5 Ne7 10. Nxd4 O-O 11. Nc3 Qe8 12. f4 Ned5 13. Ne4 Kh8 14. c4 Nxf4 15.
Bxf4 Bxe5 16. Bxe5+ Qxe5 17. Nb5 a6 18. Nbc3 Qd4+ 19. Kh1 Nxc4 20. Bxc4 Qxc4
21. Qf3 d6 22. Nf6 Be6 23. Re4 Qc6 24. Rh4 h5 25. Rxh5+ 1-0

[Event "SR 3. liga A2 2005/2006"]
[Site "?"]
[Date "2005.??.??"]
[Round "?"]
[White "Bott, Tamas"]
[Black "Fedor, Miroslav"]
[Result "0-1"]
[WhiteElo "1930"]
[BlackElo "1795"]
[PlyCount "87"]
[EventDate "2005.??.??"]

1. e4 c5 2. f4 d6 3. Nf3 Nf6 4. Nc3 g6 5. Bc4 Bg7 6. O-O O-O 7. Qe1 Nc6 8. e5
dxe5 9. fxe5 Ng4 10. e6 f6 11. d3 Nd4 12. Bb3 Qd6 13. Qh4 Nxb3 14. axb3 Bxe6
15. h3 Ne5 16. Ne4 Nxf3+ 17. Rxf3 Qd4+ 18. Kh1 Bf5 19. c3 Qd5 20. Re3 Bxe4 21.
Qxe4 Qxe4 22. Rxe4 e5 23. Be3 b6 24. Rea4 Rf7 25. b4 Bf8 26. c4 Rd7 27. Rd1
Rad8 28. bxc5 bxc5 29. Ra3 e4 30. Ra6 Rxd3 31. Re1 Rd1 32. Rxd1 Rxd1+ 33. Kh2
Bd6+ 34. g3 Rd3 35. Bh6 Bxg3+ 36. Kg2 Be5 37. Rxa7 g5 38. Rg7+ Kf8 39. Rxh7+
Ke8 40. Rh8+ Kf7 41. Rh7+ Kg6 42. Rh8 Rg3+ 43. Kf1 Rxh3 44. Rg8+ 0-1

[Event "SR 3. liga A2 2005/2006"]
[Site "?"]
[Date "2005.??.??"]
[Round "?"]
[White "Wurschner, Miroslav"]
[Black "Kosar, Mikulas"]
[Result "1-0"]
[WhiteElo "1785"]
[BlackElo "2010"]
[PlyCount "47"]
[EventDate "2005.??.??"]

1. e4 e5 2. Nf3 Nf6 3. d4 exd4 4. e5 Ne4 5. Qxd4 d5 6. exd6 Nxd6 7. Be3 Nc6 8.
Qd1 Be7 9. Be2 Be6 10. Nd4 Nxd4 11. Bxd4 Bf6 12. Nc3 Bxd4 13. Qxd4 O-O 14. O-O
Qg5 15. f4 Qe7 16. Rae1 Nf5 17. Qf2 Qb4 18. g4 Nd4 19. Bd3 Qb6 20. Re3 Bxg4 21.
Nd5 Qc5 22. Bxh7+ Kxh7 23. Qh4+ Kg8 24. Nf6+ 1-0

[Event "SR 3. liga A2 2005/2006"]
[Site "?"]
[Date "2005.??.??"]
[Round "?"]
[White "Kovacocy, Pavel"]
[Black "Kubis, Ivan"]
[Result "1-0"]
[WhiteElo "2260"]
[BlackElo "2065"]
[PlyCount "65"]
[EventDate "2005.??.??"]

1. e4 e5 2. Nf3 Nc6 3. Bb5 a6 4. Ba4 Nf6 5. O-O b5 6. Bb3 Be7 7. Re1 O-O 8. d3
d6 9. c3 Na5 10. Bc2 c5 11. Nbd2 Nc6 12. Nf1 Re8 13. Ne3 Bf8 14. h3 h6 15. a4
Be6 16. d4 exd4 17. cxd4 Nb4 18. Bb1 bxa4 19. Rxa4 Bd7 20. Rxb4 cxb4 21. e5 Nh7
22. Nd5 a5 23. Bxh6 g6 24. Bxf8 Kxf8 25. Qd2 Kg7 26. Re4 Rh8 27. Rh4 g5 28.
Rxh7+ Rxh7 29. Bxh7 Kxh7 30. Nf6+ Kg7 31. Qxg5+ Kf8 32. Qh6+ Ke7 33. Nd5+ 1-0

[Event "SR 3. liga A2 2005/2006"]
[Site "?"]
[Date "2005.??.??"]
[Round "?"]
[White "Hrubsa, Vladimir"]
[Black "Sarmir, Milos"]
[Result "1-0"]
[WhiteElo "2055"]
[BlackElo "2115"]
[PlyCount "153"]
[EventDate "2005.??.??"]

1. e4 e5 2. Nf3 Nc6 3. Bb5 a6 4. Bxc6 dxc6 5. Nc3 Bd6 6. d4 Bg4 7. dxe5 Bxf3 8.
Qxf3 Bxe5 9. Bf4 Qf6 10. Bxe5 Qxe5 11. O-O Nf6 12. Rad1 O-O 13. Rfe1 Rfe8 14.
Qg3 Qxg3 15. hxg3 Rad8 16. Rxd8 Rxd8 17. f3 Kf8 18. g4 Rd4 19. Kf2 Nd7 20. Ke3
c5 21. Rh1 h6 22. Rh5 Rd6 23. g5 hxg5 24. Rh8+ Ke7 25. Nd5+ Rxd5 26. exd5 Nb6
27. Ke4 g6 28. g4 a5 29. b3 Nd7 30. c4 Kd6 31. Rh1 f5+ 32. Ke3 fxg4 33. fxg4
Nf6 34. Kf3 Nd7 35. Re1 Ne5+ 36. Kg3 b6 37. Re4 c6 38. dxc6 Nxc6 39. Re8 Ne5
40. Rd8+ Ke7 41. Rb8 Nd7 42. Rb7 Kd6 43. Kg2 Kc6 44. Ra7 Ne5 45. Kg3 Kd6 46.
Rg7 Ke6 47. Rg8 Kf7 48. Rd8 Ke7 49. Rd1 Nd7 50. Rd5 Nf8 51. Rxg5 Kf6 52. Rd5
Ke7 53. Kf4 Ne6+ 54. Ke4 Nc7 55. Rd1 Ne6 56. Kd5 Nd8 57. Rf1 Nf7 58. Rf4 Nd8
59. Rf2 Nf7 60. Rf3 Nd8 61. g5 Nf7 62. Rf6 Nxg5 63. Rxg6 Nf3 64. Rxb6 Nd2 65.
Kxc5 Ne4+ 66. Kb5 Nc3+ 67. Kxa5 Nxa2 68. b4 Kd7 69. c5 Kc7 70. Rh6 Nc1 71. Kb5
Nb3 72. Rh7+ Kc8 73. Kc4 Nd2+ 74. Kd5 Nf3 75. b5 Ng5 76. Rg7 Nh3 77. b6 1-0

[Event "SR 3. liga A2 2005/2006"]
[Site "?"]
[Date "2005.??.??"]
[Round "?"]
[White "Cechovic, Stefan"]
[Black "Vepy, Ivan"]
[Result "1-0"]
[WhiteElo "2180"]
[BlackElo "1925"]
[PlyCount "79"]
[EventDate "2005.??.??"]

1. e4 e5 2. Nf3 d6 3. d4 exd4 4. Nxd4 Nf6 5. Nc3 Be7 6. Bc4 O-O 7. O-O a6 8. a4
c5 9. Nf5 Bxf5 10. exf5 Nc6 11. Nd5 Nxd5 12. Bxd5 Qd7 13. g4 Rad8 14. c3 Bh4
15. Qf3 Rfe8 16. Qh3 Be7 17. Qg2 Bh4 18. Be3 Rb8 19. Rfd1 Qc8 20. Bxc6 Qxc6 21.
Qxc6 bxc6 22. Rxd6 Rxb2 23. Rxc6 Rc2 24. Rxc5 g6 25. fxg6 hxg6 26. Rb1 Re4 27.
Rb4 Rxb4 28. cxb4 Rxc5 29. Bxc5 Bd8 30. Kg2 Kg7 31. Kf3 Kf6 32. Ke4 Ke6 33. f4
Bc7 34. f5+ gxf5+ 35. gxf5+ Kd7 36. h4 Bd8 37. h5 Bf6 38. h6 Ke8 39. Bd4 Be7
40. h7 1-0

[Event "SR 3. liga A2 2005/2006"]
[Site "?"]
[Date "2005.??.??"]
[Round "?"]
[White "Pagac, Robert"]
[Black "Vlkovic, Pavol"]
[Result "1/2-1/2"]
[WhiteElo "1805"]
[BlackElo "1885"]
[PlyCount "136"]
[EventDate "2005.??.??"]

1. e4 e6 2. d4 d5 3. exd5 exd5 4. Bd3 Bd6 5. Nf3 Nf6 6. Be3 Bg4 7. h3 Bh5 8.
Nbd2 O-O 9. c3 c6 10. Qc2 Nbd7 11. Ng5 Bg6 12. Bxg6 hxg6 13. O-O-O Qc7 14. g3
Rfe8 15. Rhg1 a5 16. Qd3 b5 17. Nb3 Nb6 18. Rde1 b4 19. Bd2 Nc4 20. Rxe8+ Rxe8
21. Re1 Rxe1+ 22. Bxe1 Qe7 23. Bd2 a4 24. Na1 c5 25. Nc2 b3 26. axb3 axb3 27.
Ne3 Nxd2 28. Kxd2 c4 29. Qb1 Qa7 30. Kc1 Qa8 31. Kd2 Nd7 32. Nf3 Nb6 33. Kc1
Be7 34. h4 f6 35. Nd2 g5 36. hxg5 fxg5 37. Nf5 Bf6 38. Nf3 Nd7 39. Ne3 Nf8 40.
Ng4 Ne6 41. Nxf6+ gxf6 42. Qg6+ Ng7 43. Ne1 Qa6 44. Ng2 Qa1+ 45. Qb1 Qxb1+ 46.
Kxb1 Kf7 47. Ne3 Ke6 48. Kc1 f5 49. Kd2 Nh5 50. Nd1 Nf6 51. Ke3 Nh5 52. Kf3 Nf6
53. Ne3 Ne4 54. Nd1 Kf6 55. Ke3 Kg6 56. Kf3 Kh5 57. Kg2 g4 58. f3 gxf3+ 59.
Kxf3 Kg5 60. Kg2 f4 61. gxf4+ Kxf4 62. Kf1 Kf3 63. Ke1 Nf6 64. Kd2 Ng4 65. Ke1
Ne3 66. Kd2 Nc2 67. Kc1 Ke2 68. Kb1 Kxd1 1/2-1/2

[Event "SR 3. liga A2 2005/2006"]
[Site "?"]
[Date "2005.??.??"]
[Round "?"]
[White "Vagovsky, Jozef"]
[Black "Hrubsa, Marian"]
[Result "0-1"]
[WhiteElo "1835"]
[BlackElo "1725"]
[PlyCount "60"]
[EventDate "2005.??.??"]

1. d4 d5 2. Nf3 Nf6 3. c4 e6 4. Nc3 c6 5. e3 Nbd7 6. Qc2 Be7 7. b3 b6 8. Bd3
Bb7 9. Bb2 Rc8 10. Qe2 O-O 11. O-O Bd6 12. Rfd1 Re8 13. cxd5 exd5 14. Bf5 g6
15. Bh3 Nh5 16. Qd2 Rc7 17. Bxd7 Rxd7 18. Ne2 Rde7 19. Rac1 Re6 20. Rc2 Qe7 21.
Qd3 Nf6 22. Ng5 Ng4 23. Nxe6 Qh4 24. N6f4 Qxh2+ 25. Kf1 Qh1+ 26. Ng1 Bxf4 27.
Re1 Nh2+ 28. Ke2 Qxg2 29. Kd1 Bd6 30. Qf1 Nxf1 0-1

[Event "SR 3. liga A2 2005/2006"]
[Site "?"]
[Date "2005.??.??"]
[Round "?"]
[White "Baumgartner, Milan"]
[Black "Hrusovsky, Jan"]
[Result "0-1"]
[WhiteElo "1675"]
[BlackElo "1730"]
[PlyCount "66"]
[EventDate "2005.??.??"]

1. c4 Nf6 2. Nc3 e6 3. e4 c5 4. e5 Ng8 5. d3 d5 6. exd6 Bxd6 7. g3 Nf6 8. Bg2
Nc6 9. Bxc6+ bxc6 10. Qf3 Bb7 11. Nge2 Nd7 12. Bf4 e5 13. Be3 O-O 14. O-O f5
15. Qh5 f4 16. Bd2 f3 17. Nc1 g6 18. Qg4 Rf5 19. Ne4 Nf6 20. Nxf6+ Qxf6 21. Nb3
Bc8 22. Qe4 Bd7 23. h4 Rf8 24. Bg5 Qe6 25. Qe3 Rxg5 26. Nd2 Qh3 27. Nxf3 Rxg3+
28. fxg3 Qxg3+ 29. Kh1 Bg4 30. Qg1 Bxf3+ 31. Rxf3 Qxf3+ 32. Qg2 Qxd3 33. b3 Rf3
0-1

[Event "SR 3. liga A2 2005/2006"]
[Site "?"]
[Date "2005.??.??"]
[Round "?"]
[White "Liptak, Tomas"]
[Black "Leska, Marian"]
[Result "1-0"]
[WhiteElo "1625"]
[BlackElo "1640"]
[PlyCount "115"]
[EventDate "2005.??.??"]

1. e4 e6 2. d4 d5 3. Nc3 dxe4 4. Nxe4 Nd7 5. Nf3 Ngf6 6. Bd3 Be7 7. O-O Nxe4 8.
Bxe4 Nf6 9. Bd3 h6 10. c3 O-O 11. Bf4 Bd6 12. Qd2 Bxf4 13. Qxf4 c5 14. Rad1
cxd4 15. Nxd4 Qb6 16. Qc1 Bd7 17. Rd2 e5 18. Nc2 e4 19. Bxe4 Bb5 20. Bd3 Bc6
21. Ne3 Rfe8 22. Rfd1 Qa5 23. b4 Qg5 24. Bf1 Rac8 25. Qb2 Ne4 26. Rd3 a6 27. c4
Nf6 28. Nd5 Nxd5 29. cxd5 Ba4 30. R1d2 Re1 31. Rg3 Rcc1 32. Qxc1 Rxc1 33. Rxg5
hxg5 34. f3 Bb5 35. Rf2 Kf8 36. g3 Ke7 37. Kg2 Rxf1 38. Rxf1 Bxf1+ 39. Kxf1 Kd6
40. Ke2 Kxd5 41. Kd3 b5 42. Kc3 f5 43. Kd3 Ke5 44. Ke3 g6 45. f4+ gxf4+ 46.
gxf4+ Kf6 47. h3 g5 48. Kf3 Kg6 49. fxg5 Kxg5 50. Kg3 f4+ 51. Kf3 Kh4 52. Kxf4
Kxh3 53. Ke4 Kg3 54. Kd4 Kf4 55. Kc5 Ke4 56. Kb6 Kd4 57. Kxa6 Kc4 58. Ka5 1-0

[Event "SR 3. liga A2 2005/2006"]
[Site "?"]
[Date "2005.??.??"]
[Round "?"]
[White "Bisco, Igor"]
[Black "Horak, Ivan"]
[Result "1-0"]
[WhiteElo "2110"]
[BlackElo "2140"]
[PlyCount "61"]
[EventDate "2005.??.??"]

1. e4 d5 2. exd5 Qxd5 3. Nf3 Nf6 4. Nc3 Qa5 5. Be2 c6 6. O-O Bg4 7. d4 e6 8.
Re1 Nbd7 9. Bd2 Qc7 10. a4 Bxf3 11. Bxf3 O-O-O 12. a5 Bd6 13. Ra4 Nd5 14. Rc4
Nxc3 15. Bxc3 Bxh2+ 16. Kf1 Ne5 17. Rxe5 Bxe5 18. a6 Rd5 19. Bxd5 exd5 20. Rb4
b6 21. dxe5 c5 22. Rf4 d4 23. Qg4+ Kd8 24. Bd2 g6 25. Qf3 Rf8 26. Qe4 Ke7 27.
Rh4 Qc8 28. Bg5+ Ke8 29. Rxh7 Qxa6+ 30. Kg1 Qc8 31. Bh6 1-0

[Event "SR 3. liga A2 2005/2006"]
[Site "?"]
[Date "2005.??.??"]
[Round "?"]
[White "Pribila, Michal"]
[Black "Lahucky, Pavol"]
[Result "1/2-1/2"]
[WhiteElo "2010"]
[BlackElo "2105"]
[PlyCount "41"]
[EventDate "2005.??.??"]

1. e4 e5 2. Nc3 d6 3. f4 exf4 4. Nf3 Bg4 5. Bc4 Nc6 6. O-O Ne5 7. Be2 Bxf3 8.
Bxf3 Nf6 9. d4 Ng6 10. e5 dxe5 11. Bxb7 Rb8 12. Bc6+ Nd7 13. dxe5 Ngxe5 14.
Bxd7+ Qxd7 15. Qxd7+ Kxd7 16. Bxf4 Bc5+ 17. Kh1 Ng6 18. Rad1+ Kc6 19. Bc1 f6
20. Ne4 Bb6 21. b3 1/2-1/2

[Event "SR 3. liga A2 2005/2006"]
[Site "?"]
[Date "2005.??.??"]
[Round "?"]
[White "Gajarsky, Roman"]
[Black "Pribila, Gerhard"]
[Result "1/2-1/2"]
[WhiteElo "2050"]
[BlackElo "1960"]
[PlyCount "95"]
[EventDate "2005.??.??"]

1. e4 c5 2. c4 Nc6 3. b3 Nf6 4. Nc3 g6 5. f4 d6 6. Nf3 Bg7 7. Bb2 Nxe4 8. Qc2
Nxc3 9. dxc3 Bf5 10. Bd3 Bxd3 11. Qxd3 O-O 12. O-O-O Qc8 13. h3 a5 14. a4 Bh6
15. g3 Rd8 16. h4 Ne5 17. Qd5 e6 18. Qe4 Qc6 19. Qxc6 Nxc6 20. Kc2 Ne7 21. Rdg1
Bg7 22. h5 d5 23. h6 Bf6 24. cxd5 Nxd5 25. Re1 Rac8 26. Re4 Bh8 27. Rhe1 Nf6
28. R4e2 Ng4 29. Rh1 Bf6 30. Nd2 b6 31. Ne4 Be7 32. c4 Rd7 33. Nf2 Nxf2 34.
Rxf2 Rcd8 35. g4 Rd3 36. f5 exf5 37. gxf5 Bg5 38. Bc3 R3d7 39. fxg6 fxg6 40.
Bg7 Be3 41. Re2 Bd4 42. Bxd4 cxd4 43. Kd3 Rf8 44. Rh3 Rf6 45. Re4 Rf1 46. Ke2
Rf6 47. Kd3 Rf1 48. Ke2 $11 1/2-1/2

[Event "SR 3. liga A2 2005/2006"]
[Site "?"]
[Date "2005.??.??"]
[Round "?"]
[White "Vach, Jozef"]
[Black "Hertel, Ondrej"]
[Result "1-0"]
[WhiteElo "1970"]
[BlackElo "1960"]
[PlyCount "141"]
[EventDate "2005.??.??"]

1. d4 d5 2. c4 c6 3. Nc3 e5 4. cxd5 cxd5 5. e3 e4 6. Qb3 Nf6 7. Bd2 Be7 8. Rc1
Nc6 9. Nge2 O-O 10. Ng3 Na5 11. Qc2 h5 12. Bb5 a6 13. Be2 g6 14. O-O h4 15. Nh1
Be6 16. Qd1 Rc8 17. Na4 Nc4 18. b3 Nxd2 19. Qxd2 b5 20. Nc5 Qb6 21. b4 Bd6 22.
Rfd1 Bb8 23. g3 Kg7 24. f4 exf3 25. Bxf3 Bg4 26. Qe2 Bxf3 27. Qxf3 hxg3 28.
Nxg3 Rh8 29. Rf1 Rh4 30. Kg2 Rch8 31. Rh1 Qd6 32. Rcf1 Rg4 33. Rhg1 Rhh4 34.
Rf2 Rg5 35. Kf1 Rhg4 36. Ke2 Qe7 37. Rgf1 Bxg3 38. hxg3 Rf5 39. Qg2 Rxf2+ 40.
Qxf2 Ne4 41. Nxe4 dxe4 42. a3 Rg5 43. Qf4 Rh5 44. g4 Rh4 45. Rc1 Qe6 46. Qe5+
Qxe5 47. dxe5 Rxg4 48. Rc6 Rg2+ 49. Kf1 Ra2 50. Rxa6 Kf8 51. Ra7 g5 52. Ra8+
Ke7 53. Ra7+ Ke6 54. Ra6+ Kxe5 55. Ra5 Kf5 56. Rxb5+ Kg4 57. Ra5 f5 58. a4 f4
59. exf4 gxf4 60. Rc5 Kf3 61. Rc1 Rxa4 62. Rb1 e3 63. b5 Ra7 64. b6 Rb7 65. Kg1
Kg3 66. Rb3 Kf3 67. Kf1 Rxb6 68. Rxb6 e2+ 69. Ke1 Ke3 70. Re6+ Kd3 71. Rxe2 1-0

[Event "SR 3. liga A2 2005/2006"]
[Site "?"]
[Date "2005.??.??"]
[Round "?"]
[White "Kollarik, Gorazd"]
[Black "Jozefovic, Milan"]
[Result "1/2-1/2"]
[WhiteElo "1980"]
[BlackElo "1775"]
[PlyCount "147"]
[EventDate "2005.??.??"]

1. d4 d5 2. c4 e6 3. Nc3 Nf6 4. Bg5 Be7 5. e3 O-O 6. Nf3 c6 7. Bd3 Nbd7 8. O-O
h6 9. Bh4 c5 10. cxd5 exd5 11. Rc1 c4 12. Bb1 a6 13. Qc2 g6 14. Bg3 Kh7 15. h3
b5 16. a3 Rg8 17. Rfe1 Bb7 18. Ne5 Nxe5 19. Bxe5 Nd7 20. Bg3 Nf6 21. Qe2 Bd6
22. Bxd6 Qxd6 23. Qf3 Rae8 24. Re2 Re7 25. g4 Kg7 26. Kg2 Bc6 27. Qg3 Qe6 28.
Qf4 a5 29. f3 b4 30. axb4 axb4 31. Nd1 Bb5 32. Rf2 Ba4 33. Bc2 b3 34. Bb1 Bd7
35. Re2 h5 36. Nc3 hxg4 37. hxg4 Rh8 38. Rh1 Ree8 39. Rxh8 Rxh8 40. Re1 Bc6 41.
Rh1 Rxh1 42. Kxh1 Nd7 43. Kg2 Qe7 44. e4 dxe4 45. Bxe4 Bxe4 46. Qxe4 Qg5 47.
Kg3 Qd2 48. d5 Qxb2 49. Qxc4 Qc2 50. Qd4+ Kg8 51. Na4 Qc1 52. d6 Qe1+ 53. Kf4
Qc1+ 54. Kg3 Qe1+ 55. Kf4 Kh7 56. Nb2 f6 57. Na4 Qe6 58. Kg3 Qe5+ 59. Qxe5 Nxe5
60. f4 Nd7 61. Kf3 Kg7 62. Ke3 Kf7 63. Nb2 Ke6 64. Kd4 Kxd6 65. Nc4+ Ke6 66.
Nb2 Nb6 67. Ke4 f5+ 68. gxf5+ gxf5+ 69. Kd4 Nd5 70. Nd3 Nxf4 71. Nc5+ Kf6 72.
Nxb3 Kg5 73. Ke3 Nd5+ 74. Kf3 1/2-1/2

[Event "SR 3. liga A2 2005/2006"]
[Site "?"]
[Date "2005.??.??"]
[Round "?"]
[White "Kocak, Branislav"]
[Black "Synak, Jan"]
[Result "1-0"]
[WhiteElo "1705"]
[BlackElo "1775"]
[PlyCount "83"]
[EventDate "2005.??.??"]

1. d4 d5 2. c4 e6 3. Nf3 Nf6 4. Bg5 Be7 5. e3 Nbd7 6. Nc3 O-O 7. Bd3 dxc4 8.
Bxc4 c5 9. O-O cxd4 10. exd4 Nb6 11. Bd3 h6 12. Bxf6 Bxf6 13. Re1 Bd7 14. Ne5
Rc8 15. Ne4 Bc6 16. Nxf6+ Qxf6 17. Be4 Bxe4 18. Rxe4 Rfd8 19. Qe2 Rc7 20. Rd1
Rdc8 21. Qg4 Nd5 22. g3 Rc2 23. Re2 Rxe2 24. Qxe2 Qf5 25. Qb5 f6 26. Nd7 Rc2
27. Rf1 Rc7 28. Nc5 b6 29. Qe8+ Kh7 30. Qxe6 Qxe6 31. Nxe6 Rc2 32. Rb1 Nb4 33.
Rd1 Kg8 34. d5 Kf7 35. a3 Nc6 36. Nxg7 Kxg7 37. dxc6 Rxc6 38. Rd7+ Kg6 39. Rxa7
Rc2 40. b4 Kf5 41. Kg2 Ke4 42. Rh7 1-0

[Event "SR 3. liga A2 2005/2006"]
[Site "?"]
[Date "2005.??.??"]
[Round "?"]
[White "Barca, Michal"]
[Black "Zajicek, Ferdinand"]
[Result "1/2-1/2"]
[WhiteElo "1845"]
[BlackElo "1725"]
[PlyCount "95"]
[EventDate "2005.??.??"]

1. c4 c5 2. Nc3 Nf6 3. g3 g6 4. Bg2 Bg7 5. d3 O-O 6. Nf3 Nc6 7. O-O d6 8. Bd2
Rb8 9. Qc1 a6 10. a4 Be6 11. Bh6 Qd7 12. Bxg7 Kxg7 13. Ng5 Nd4 14. Qd1 h6 15.
Nxe6+ Nxe6 16. e3 Ng5 17. Qd2 Qe6 18. b3 Rfd8 19. f4 Ngh7 20. Rae1 Qd7 21. e4
e5 22. f5 g5 23. Qe2 Qc7 24. Rb1 Qa5 25. Qc2 Qb4 26. h3 Rh8 27. Bf3 Rbg8 28.
Kg2 Qb6 29. g4 Qb4 30. Rh1 Qb6 31. Na2 a5 32. Nc3 Qd8 33. Nd5 b6 34. Qd2 Nxd5
35. cxd5 f6 36. Rh2 Qe7 37. h4 Rc8 38. Rbh1 Rcg8 39. Qe1 Nf8 40. Rh3 Rh7 41.
Qc3 Rgh8 42. Qc4 Qc7 43. Qb5 Nd7 44. hxg5 fxg5 45. Rc1 Kf6 46. Rhh1 Ra8 47. Ra1
Qb7 48. Be2 1/2-1/2

[Event "SR 3. liga A2 2005/2006"]
[Site "?"]
[Date "2005.??.??"]
[Round "?"]
[White "Papanek, Lubomir"]
[Black "Racik, Marek"]
[Result "1/2-1/2"]
[WhiteElo "1690"]
[BlackElo "1795"]
[PlyCount "110"]
[EventDate "2005.??.??"]

1. d4 d5 2. c4 c6 3. Nf3 Nf6 4. e3 Bf5 5. Nh4 Bxb1 6. Rxb1 Qa5+ 7. Bd2 Qc7 8.
Bd3 e6 9. c5 Nbd7 10. b4 e5 11. dxe5 Nxe5 12. Be2 Rd8 13. f4 Ned7 14. O-O Ne4
15. Qc2 Ndf6 16. Bc3 Be7 17. Nf5 O-O 18. Be5 Qd7 19. g4 a5 20. a3 axb4 21. axb4
h5 22. Nxe7+ Qxe7 23. gxh5 Nd7 24. Bd4 Qh4 25. Bf3 Ndf6 26. Qg2 Rfe8 27. Bxe4
Rxe4 28. Qg5 Qxg5+ 29. fxg5 Rg4+ 30. Kh1 Ne4 31. Rb2 Rxg5 32. Rg1 Rxg1+ 33.
Kxg1 Ra8 34. Kg2 Kh7 35. b5 f6 36. h4 Kh6 37. bxc6 bxc6 38. Kf3 Kxh5 39. Kf4
g5+ 40. hxg5 fxg5+ 41. Kf5 Rf8+ 42. Ke6 g4 43. Kd7 g3 44. Rb1 g2 45. Rg1 Rg8
46. Kxc6 Nd2 47. Kxd5 Nf3 48. Rxg2 Rxg2 49. c6 Nxd4 50. exd4 Rc2 51. Kd6 Kg5
52. Kd7 Rd2 53. c7 Rxd4+ 54. Ke8 Rc4 55. Kd7 Rxc7+ 1/2-1/2

[Event "SR 3. liga A2 2005/2006"]
[Site "?"]
[Date "2005.??.??"]
[Round "?"]
[White "Furjel, Andrej"]
[Black "Meszaros, Lorant"]
[Result "1-0"]
[WhiteElo "2015"]
[BlackElo "2110"]
[PlyCount "135"]
[EventDate "2005.??.??"]

1. Nf3 f5 2. d4 Nf6 3. c4 g6 4. Nc3 Bg7 5. g3 O-O 6. Bg2 d6 7. O-O Nc6 8. b3 e5
9. dxe5 dxe5 10. Ba3 Re8 11. Qxd8 Nxd8 12. Rad1 c6 13. Rd2 e4 14. Ng5 Ng4 15.
Nd1 Bh6 16. h4 Nf7 17. e3 Nxg5 18. hxg5 Bxg5 19. Bb2 Be6 20. Bh3 Nf6 21. Nc3
Rad8 22. Rfd1 Rxd2 23. Rxd2 Nd7 24. Nxe4 fxe4 25. Bxe6+ Rxe6 26. Rxd7 Re7 27.
Rd1 Kf7 28. Ba3 Rc7 29. Rd4 Be7 30. c5 b6 31. Rxe4 Rd7 32. Kg2 bxc5 33. Ra4 Ke6
34. Kf3 Rd2 35. Rxa7 Rxa2 36. Bxc5 Rxa7 37. Bxa7 Bb4 38. e4 Bd6 39. Bd4 Ba3 40.
Ke3 Be7 41. g4 Bd6 42. f4 Ba3 43. Kd3 Be7 44. Kc4 h5 45. gxh5 gxh5 46. f5+ Kf7
47. e5 h4 48. Bg1 h3 49. Kd4 Bg5 50. Ke4 Kg7 51. Kf3 Kh6 52. Kg4 Bd2 53. Bh2
Be3 54. e6 Bc5 55. Bf4+ Kg7 56. Kxh3 Kf6 57. Kg4 Bb4 58. Bg5+ Kg7 59. Be3 Bc3
60. Kf4 Kf6 61. Ke4 Ke7 62. Bc5+ Ke8 63. Bd4 Be1 64. f6 Bb4 65. Kd3 Bd6 66. Kc4
Kd8 67. Bb6+ Kc8 68. Bc5 1-0

[Event "SR 3. liga A2 2005/2006"]
[Site "?"]
[Date "2005.??.??"]
[Round "?"]
[White "Szekely, Stefan"]
[Black "Pobjecky, Ivan"]
[Result "1/2-1/2"]
[WhiteElo "2080"]
[BlackElo "2025"]
[PlyCount "41"]
[EventDate "2005.??.??"]

1. c4 g6 2. Nc3 Bg7 3. Nf3 Nf6 4. g3 O-O 5. Bg2 c6 6. O-O e6 7. d4 d5 8. cxd5
exd5 9. Bf4 Nh5 10. Bd2 f5 11. Bg5 Qd6 12. e3 Nd7 13. Bf4 Qe7 14. h4 h6 15. Rb1
Kh7 16. b4 Bf6 17. b5 Ng7 18. bxc6 bxc6 19. Qa4 Qe6 20. Rfc1 a5 21. Nd1 1/2-1/2

[Event "SR 3. liga A2 2005/2006"]
[Site "?"]
[Date "2005.??.??"]
[Round "?"]
[White "Mihalik, Anton"]
[Black "Both, Lajos"]
[Result "1-0"]
[WhiteElo "2035"]
[BlackElo "1990"]
[PlyCount "121"]
[EventDate "2005.??.??"]

1. e4 e6 2. d4 d5 3. Nd2 Nf6 4. e5 Nfd7 5. Bd3 c5 6. c3 cxd4 7. cxd4 Nc6 8. Ne2
f6 9. f4 f5 10. Nf3 Be7 11. O-O O-O 12. Be3 Nb4 13. Bb1 Nb6 14. a3 Nc4 15. Bc1
Nc6 16. b3 Nb6 17. Bb2 Bd7 18. Bd3 a5 19. Nd2 Rc8 20. Rf3 Be8 21. Ng3 Na7 22.
Qe2 a4 23. b4 Na8 24. Nb1 b5 25. Nc3 Qd7 26. Qe3 Nb6 27. Nf1 Nc4 28. Bxc4 dxc4
29. Rd1 Bh5 30. Ng3 Bxf3 31. Qxf3 Qc6 32. d5 exd5 33. Nxd5 Qe6 34. Ne2 Bd8 35.
Kf1 Nc6 36. Ndc3 Na7 37. Rd6 Qe8 38. Qd5+ Kh8 39. e6 Bf6 40. Nd4 Bxd4 41. Qxd4
Nc6 42. Qd5 Ne7 43. Qe5 Ng6 44. Qd4 Rf6 45. Nd5 Qf8 46. Nxf6 Qxf6 47. Qxf6 gxf6
48. Bxf6+ Kg8 49. Rd7 c3 50. e7 Nxe7 51. Rxe7 c2 52. Bb2 c1=Q+ 53. Bxc1 Rxc1+
54. Kf2 Rc2+ 55. Kf3 Rc3+ 56. Re3 Rc4 57. g4 fxg4+ 58. Kxg4 Kf7 59. Kf5 Rc2 60.
Rh3 Kg7 61. Ke5 {nedopisany zapis} 1-0

[Event "SR 3. liga A2 2005/2006"]
[Site "?"]
[Date "2005.??.??"]
[Round "?"]
[White "Szitasi, Janos"]
[Black "Stepanovic, Branislav"]
[Result "0-1"]
[WhiteElo "2020"]
[BlackElo "2025"]
[PlyCount "112"]
[EventDate "2005.??.??"]

1. e4 c5 2. Nf3 Nc6 3. d4 cxd4 4. Nxd4 Nf6 5. Nc3 e5 6. Nxc6 bxc6 7. Bg5 Bb4 8.
Qf3 O-O 9. Bxf6 Qxf6 10. Qxf6 gxf6 11. O-O-O Rd8 12. Bc4 d6 13. Rd3 f5 14. f3
Kf8 15. Na4 Ke7 16. c3 Ba5 17. Re1 Bc7 18. b4 Rb8 19. Nb2 Rg8 20. g3 Rf8 21.
Rf1 fxe4 22. fxe4 Bh3 23. Rf2 Bb6 24. Rfd2 Rbd8 25. Na4 Bc7 26. b5 Bf1 27. Nb2
Bxd3 28. Bxd3 cxb5 29. Bxb5 Bb6 30. Kc2 f5 31. exf5 Rxf5 32. Bd3 Rf2 33. Rxf2
Bxf2 34. Bxh7 Rh8 35. Bf5 Rxh2 36. g4 d5 37. Nd1 Bc5+ 38. Kb3 e4 39. c4 e3 40.
Nxe3 Bxe3 41. cxd5 Kd6 42. Be6 Kc5 43. a3 Bd4 44. Ka4 Rb2 45. Ka5 Kd6 46. Ka4
Bc5 47. Bf7 Ra2 48. g5 Rxa3+ 49. Kb5 a6+ 50. Kc4 Rg3 51. g6 Rg4+ 52. Kb3 a5 53.
Kb2 a4 54. Ka2 Rg2+ 55. Kb1 a3 56. g7 a2+ 0-1

[Event "SR 3. liga A2 2005/2006"]
[Site "?"]
[Date "2005.??.??"]
[Round "?"]
[White "Curidlo, Jan"]
[Black "Liska, Frantisek"]
[Result "1-0"]
[WhiteElo "2070"]
[BlackElo "2000"]
[PlyCount "121"]
[EventDate "2005.??.??"]

1. e4 c6 2. d4 d5 3. e5 Bf5 4. Nf3 e6 5. c3 Nd7 6. Be3 Qc7 7. Nbd2 c5 8. Rc1
Rc8 9. Be2 a6 10. O-O b5 11. Nh4 Bg6 12. f4 Be7 13. Qe1 Bxh4 14. Qxh4 Ne7 15.
g4 cxd4 16. Bxd4 Nc5 17. Qf2 Ne4 18. Qe3 Nxd2 19. Qxd2 Be4 20. b4 Nc6 21. Bc5
Nd8 22. Qe3 Nb7 23. Bd4 Qe7 24. Qg3 Qd7 25. Rfe1 a5 26. a3 axb4 27. axb4 Ra8
28. Ra1 O-O 29. Rec1 Qc6 30. Qf2 Ra6 31. Qf1 Rxa1 32. Rxa1 f6 33. Bxb5 Qc7 34.
Ra6 Nd8 35. Qa1 Qb8 36. Rb6 Qc7 37. Qa6 Rf7 38. Rd6 fxe5 39. Bxe5 Qe7 40. Qc8
Rf8 41. g5 Nf7 42. Qd7 Qxd7 43. Rxd7 Nxe5 44. fxe5 Rc8 45. Rd6 Rxc3 46. Rxe6
Rb3 47. Rb6 Rxb4 48. Rb8+ Kf7 49. Be8+ Ke7 50. Rxb4 Kxe8 51. Rb7 h6 52. Rxg7
hxg5 53. Rxg5 Kf7 54. Kf2 Ke6 55. Ke3 Bf5 56. Kd4 Be4 57. h4 Kf7 58. h5 Ke6 59.
Rg7 Bf5 60. h6 Bh7 61. Rxh7 1-0

[Event "SR 3. liga A2 2005/2006"]
[Site "?"]
[Date "2005.??.??"]
[Round "?"]
[White "Arpa, Zoltan"]
[Black "Slaby, Jozef"]
[Result "1/2-1/2"]
[WhiteElo "1850"]
[BlackElo "1750"]
[PlyCount "74"]
[EventDate "2005.??.??"]

1. d4 d5 2. c4 e6 3. Nc3 Nf6 4. e3 Nbd7 5. Bd3 Bd6 6. Nf3 O-O 7. O-O b6 8. cxd5
exd5 9. Bd2 Bb7 10. Rc1 a6 11. Qc2 h6 12. Qb3 c5 13. Bb1 c4 14. Qc2 Ne4 15. Be1
f5 16. Nd2 Ndf6 17. f3 Nxc3 18. Qxc3 Qd7 19. Qc2 Rae8 20. Bf2 Bc8 21. b3 Ba3
22. Rcd1 b5 23. bxc4 bxc4 24. h3 Qb5 25. e4 Qb2 26. exd5 Qxc2 27. Bxc2 c3 28.
Nc4 Bb2 29. Nxb2 cxb2 30. Rd2 Nxd5 31. Bb3 Be6 32. Bxd5 Bxd5 33. Rxb2 Rb8 34.
Rfb1 Rxb2 35. Rxb2 Rc8 36. Bg3 Rc1+ 37. Kf2 Ra1 1/2-1/2